| 000 | 00627nam a2200253Ia 4500 | ||
|---|---|---|---|
| 003 | OSt | ||
| 005 | 20250527140301.0 | ||
| 008 | 210210b2008 xxu||||| |||| 00| 0 eng d | ||
| 020 | _a9788173199080 | ||
| 040 | _cAL | ||
| 041 | _aeng | ||
| 082 | _a519.50285 PURS | ||
| 100 |
_aPUROHIT (Sudha G) _9211337 |
||
| 245 | _aStatistics using R | ||
| 260 |
_aNew Delhi _bNarosa Publishing House _c2008 |
||
| 300 | _aviii, 254 | ||
| 650 |
_ausing _9211338 |
||
| 650 |
_aStatistics _9211339 |
||
| 650 |
_aR _9211340 |
||
| 690 |
_aStatistics _9211339 |
||
| 700 |
_aGORE (Sharad D) _9211341 |
||
| 906 | _a067802 | ||
| 942 |
_2ddc _cBK |
||
| 999 |
_c152136 _d152136 |
||